[Event "Each position has its own answer"]
[Site "SchemingMind.com"]
[Date "2012.12.07"]
[Round "-"]
[White "Olli Ylönen"]
[Black "emvarela"]
[Result "0-1"]
[WhiteCountry "FIN"]
[BlackCountry "ARG"]
[WhiteElo "1832"]
[WhiteRD "57"]
[BlackElo "1779"]
[BlackRD "51"]
[GameID "322392"]

1. e4 e5 2. Nf3 Nc6 3. Bb5 a6 4. Bxc6 dxc6 5. O-O f6 6. d4 Bg4 7. dxe5 Qxd1 8. Rxd1 fxe5 9. Rd3 Bd6 10. Nbd2 Nf6
11. Nc4 O-O-O 12. Nfxe5 Bxe5 13. Nxe5 Rxd3 14. cxd3 Re8 15. Nxg4 Nxg4 16. h3 Ne5 17. b4 Nxd3 18. Bd2 Rxe4 19. a3 Re2 20. Be3 Ne5
21. Kf1 Rc2 22. Bd4 Nc4 23. Bxg7 Nd2+ 24. Kg1 Ne4 25. f4 c5 26. bxc5 Rxc5 27. g4 Rc2 28. Rf1 c5 29. f5 Ng5 30. f6 Nxh3+
31. Kh1 Nf2+ 32. Kg2 Nxg4+ 33. Kg3 Nxf6 34. Bxf6 b5 35. Rb1 Rd2 36. Rb3 c4 37. Rc3 Kd7 38. a4 Kd6 39. axb5 axb5 40. Kf3 Kd5
41. Ke3 Rh2 42. Kf4 Rf2+ 43. Kg5 b4 44. Rh3 Rg2+ 45. Kh6 Rg6+
0-1

[Event "Each position has its own answer"]
[Site "SchemingMind.com"]
[Date "2012.12.07"]
[Round "-"]
[White "emvarela"]
[Black "Olli Ylönen"]
[Result "1/2-1/2"]
[WhiteCountry "ARG"]
[BlackCountry "FIN"]
[WhiteElo "1738"]
[WhiteRD "51"]
[BlackElo "1848"]
[BlackRD "54"]
[GameID "322394"]

1. e4 c5 2. Nf3 d6 3. d4 cxd4 4. Nxd4 Nf6 5. Nc3 g6 6. Be3 Bg7 7. f3 O-O 8. Qd2 Nc6 9. O-O-O d5 10. exd5 Nxd5
11. Nxc6 bxc6 12. Nxd5 cxd5 13. Qxd5 Qc7 14. Bd3 Be6 15. Qc5 Qb7 16. Qb5 Rab8 17. Qxb7 Rxb7 18. Be4 Bxb2+ 19. Kd2 Rd7+ 20. Ke2 Rxd1
21. Rxd1 Bxa2 22. Bxa7 e6 23. Bd4 Bxd4 24. Rxd4 Rc8 25. g4 Kg7 26. h4 f5 27. Bd3 Rc7 28. g5 h6 29. f4 hxg5 30. hxg5 Re7
31. Ra4 Bd5 32. c4 Bh1 33. Ra6 e5 34. fxe5 Rxe5+ 35. Kd2 f4 36. Ra7+ Kf8 37. Bxg6 Rxg5 38. Bd3 Rc5 39. Ra1 Bc6 40. Rf1 f3
41. Ke3 Ke7 42. Rf2=
1/2-1/2

[Event "Each position has its own answer"]
[Site "SchemingMind.com"]
[Date "2012.12.10"]
[Round "-"]
[White "Archon"]
[Black "NimbleKnight"]
[Result "0-1"]
[WhiteCountry "CAN"]
[BlackCountry "USA"]
[WhiteElo "1654"]
[WhiteRD "55"]
[BlackElo "1894"]
[BlackRD "75"]
[GameID "322761"]

1. d4 Nf6 2. Nf3 d5 3. Bf4 c5 4. c3 Qb6 5. Qb3 Nc6 6. e3 c4 7. Qxb6 axb6 8. Nbd2 Bf5 9. a3 e6 10. O-O-O b5
11. Nb1 h6 12. h3 Ne4 13. Bg3 Nxg3 14. fxg3 h5 15. Be2 Bd6 16. Nh4 Bxb1 17. Kxb1 Bxg3 18. Nf3 f6 19. Nh2 Bf2 20. Nf1 Ne7
21. Nd2 Bxe3 22. Nf3 Kd7 23. g4 hxg4 24. hxg4 Ng6 25. Rdf1 Rxh1 26. Rxh1 Rh8 27. Rxh8 Nxh8 28. Bd1 Nf7 29. Bc2 g5 30. Bg6 Nh6
31. Bh5 Bf4 32. Kc2 e5 33. dxe5 fxe5 34. Ng1 Kc6 35. Ne2 Kc5 36. Nxf4 gxf4 37. Kd2 e4 38. g5 Nf5 39. g6 Kd6 40. Bg4 Ng7
41. Bc8 b6 42. Ke2 Nh5 43. Ba6 Ke7 44. Bxb5 Kf8 45. Bc6 Nf6
0-1

[Event "Each position has its own answer"]
[Site "SchemingMind.com"]
[Date "2012.12.10"]
[Round "-"]
[White "NimbleKnight"]
[Black "Archon"]
[Result "1/2-1/2"]
[WhiteCountry "USA"]
[BlackCountry "CAN"]
[WhiteElo "1864"]
[WhiteRD "71"]
[BlackElo "1659"]
[BlackRD "55"]
[GameID "322765"]

1. e4 c6 2. d4 d5 3. e5 Bf5 4. Nf3 e6 5. Be2 Nd7 6. O-O Ne7 7. Nbd2 c5 8. c3 Nc6 9. Nb3 Be7 10. Re1 O-O
11. Be3 cxd4 12. cxd4 Bg4 13. h3 Bxf3 14. Bxf3 Rc8 15. Rc1 b6 16. a3 Bg5 17. Qd3 Bxe3 18. fxe3 f6 19. exf6 Nxf6 20. Qb5 Qd7
21. Red1 Qb7 22. Qe2 Ne7 23. Rxc8 Nxc8 24. Rc1 Nd6 25. Qd1 Rc8 26. Nd2 Rc7 27. Kf2 Qc8 28. Rxc7 Qxc7 29. Qb3 Kf7 30. Qd1 g6
31. Qb3 Qc1 32. Qc3 Qxc3 33. bxc3 Nb5 34. Nb1 Ne8 35. Be2 Ned6 36. Bxb5 Nxb5 37. Ke2 Kf6 38. Kf3 Kf5 39. g3 h6 40. a4 Nd6
41. Nd2 a5 42. g4+ Kf6 43. e4 Ke7 44. Ke3 b5 45. axb5 Nxb5 46. Kd3 Kd7 47. exd5 exd5 48. c4 dxc4+ 49. Kxc4 Kc6 50. Nb3 a4
51. Nc1 a3 52. Na2 g5 53. Nc1 Kb6 54. Na2 Kc6 55. Nc1 Kb6 56. Na2 Kc6=
1/2-1/2

[Event "Each position has its own answer"]
[Site "SchemingMind.com"]
[Date "2012.12.10"]
[Round "-"]
[White "kenneth m day"]
[Black "mtnewk"]
[Result "1/2-1/2"]
[WhiteCountry "USA"]
[BlackCountry "USA"]
[WhiteElo "1770"]
[WhiteRD "51"]
[BlackElo "1652"]
[BlackRD "77"]
[GameID "322846"]

1. e4 c5 2. Nf3 Nc6 3. Bb5 a6 4. Bxc6 bxc6 5. O-O d6 6. Nc3 Nf6 7. d3 Bg4 8. h3 Bh5 9. Be3 e6 10. g4 Bg6
11. Nh4 h6 12. Nxg6 fxg6 13. Qf3 g5 14. Rad1 Qc7 15. Rfe1 Be7 16. d4 cxd4 17. Bxd4 e5 18. Be3 O-O 19. Qe2 Rfb8 20. Qc4+ Kf8
21. b4 d5 22. exd5 Rxb4 23. Qxc6 Qxc6 24. dxc6 Rc4 25. Nd5 Rxc6 26. Nxe7 Kxe7 27. Bc1 e4 28. f3 Kf7 29. fxe4 Rxc2 30. e5 Ne8
31. Rd7+ Kf8 32. Ba3+ Kg8 33. Rf1 Rxa2 34. Rf8+ Kh7 35. Bd6 Rc2 36. Re7 Rcc8 37. Rf1 Nxd6 38. exd6 a5 39. Ra1 a4 40. Ra3 Rd8
41. Re4 Rxd6 42. Rexa4 Rxa4 43. Rxa4=
1/2-1/2

[Event "Each position has its own answer"]
[Site "SchemingMind.com"]
[Date "2012.12.10"]
[Round "-"]
[White "mtnewk"]
[Black "kenneth m day"]
[Result "1-0"]
[WhiteCountry "USA"]
[BlackCountry "USA"]
[WhiteElo "1637"]
[WhiteRD "77"]
[BlackElo "1791"]
[BlackRD "48"]
[GameID "322851"]

1. d4 Nf6 2. c4 e6 3. Nf3 b6 4. a3 Bb7 5. e3 Be7 6. Nc3 O-O 7. Be2 d5 8. O-O Nbd7 9. Ne5 c5 10. f4 Nxe5
11. fxe5 Nd7 12. Bf3 Rb8 13. cxd5 exd5 14. Bxd5 Ba6 15. Rf2 Bb7 16. Bxb7 Rxb7 17. Qf3 Rb8 18. b3 Rc8 19. Bb2 Re8 20. Qxf7+ Kh8
21. Raf1 Rf8 22. Qd5 Rxf2 23. Rxf2 Bg5 24. Re2 Qe7 25. Nd1 Rd8 26. Qf3 Rf8 27. Qg4 Rf7 28. e6 Rf6 29. exd7 Rd6 30. Rf2 h6
31. dxc5 Rxd7 32. Qe2 Qe4 33. Bd4 bxc5 34. Bxc5 Qb1 35. Rf1 Qxb3 36. Rf8+ Kh7 37. Rf1 a5 38. Qb2 Qd5 39. Qc2+ g6 40. Bd4 h5
41. Rf8 Bxe3+ 42. Bxe3 Qxd1+ 43. Qxd1 Rxd1+ 44. Kf2 Rb1 45. Bd4 g5 46. Bc3 Rb3 47. Bxa5 Rxa3 48. Bc7 Rb3 49. Re8 g4 50. Re3 Rb2+
51. Re2 Rb3 52. Re3 Rb2+ 53. Kg3 h4+ 54. Kxg4 Rxg2+ 55. Kxh4 Rg7 56. Bg3 Rg6 57. Re5 Rf6 58. Rh5+ Kg8 59. Kg5 Rc6 60. Rh6 Rc5+
61. Kg4 Kg7 62. Bf4 Rc4 63. Rh5 Kg6 64. Rg5+ Kf6 65. h4 Rc8 66. h5 Rc2 67. h6 Rg2+ 68. Kf3 Rxg5 69. Bxg5+ Kg6 70. Kg4 Kh7
71. Kf5 Kh8 72. Kg6
1-0

[Event "Each position has its own answer"]
[Site "SchemingMind.com"]
[Date "2012.12.12"]
[Round "-"]
[White "Ezedoke"]
[Black "Iucounu"]
[Result "1/2-1/2"]
[WhiteCountry "ARG"]
[BlackCountry "ENG"]
[WhiteElo "2305"]
[WhiteRD "63"]
[BlackElo "1409"]
[BlackRD "52"]
[GameID "323042"]

1. e4 e5 2. Nf3 Nc6 3. Bb5 a6 4. Ba4 b5 5. Bb3 Na5 6. O-O Nxb3 7. d4 Nxa1 8. Nxe5 f6 9. Qh5+ g6 10. Nxg6 hxg6
11. Qxh8 Ne7 12. Bh6 Kf7 13. d5 Bb7 14. Qh7+ Ke8 15. Qh8=
1/2-1/2

[Event "Each position has its own answer"]
[Site "SchemingMind.com"]
[Date "2012.12.17"]
[Round "-"]
[White "Iucounu"]
[Black "Ezedoke"]
[Result "0-1"]
[WhiteCountry "ENG"]
[BlackCountry "ARG"]
[WhiteElo "1409"]
[WhiteRD "52"]
[BlackElo "2305"]
[BlackRD "63"]
[GameID "323045"]

1. e4 c5 2. Nf3 Nc6 3. d4 cxd4 4. Nxd4 Nf6 5. Nc3 e5 6. Nxc6 bxc6 7. Bc4 Bb4 8. O-O O-O 9. Bd2 Bxc3 10. Bxc3 d5
11. exd5 cxd5 12. Bb3 d4 13. Bd2 Qd6 14. c3 d3 15. Bg5 Bb7 16. Bxf6 gxf6 17. Bc2 e4 18. Bb3 Kh8 19. Qd2 f5 20. Bc2 Rg8
21. Bb3 Rxg2+
0-1

[Event "Each position has its own answer"]
[Site "SchemingMind.com"]
[Date "2012.12.14"]
[Round "-"]
[White "tiggeronvrb"]
[Black "Clive Everill"]
[Result "1-0"]
[WhiteCountry "SCO"]
[BlackCountry "CZE"]
[WhiteElo "1854"]
[WhiteRD "68"]
[BlackElo "1710"]
[BlackRD "48"]
[GameID "323185"]

1. e4 e6 2. c4 c5 3. f4 Nc6 4. Nf3 d5 5. cxd5 exd5 6. exd5 Qxd5 7. Nc3 Qd8 8. Bc4 Bg4 9. O-O Be7 10. d3 Nf6
11. h3 Bd7 12. Re1 O-O 13. Be3 a6 14. a3 Qc8 15. Rc1 Bxh3 16. gxh3 Qxh3 17. Nh2 Nh5 18. Qg4 Qxg4+ 19. Nxg4 Na5 20. Bd5 Rab8
21. Kg2 b6 22. Rh1 g6 23. Ne5 Rbd8 24. b4 cxb4 25. axb4 Bxb4 26. Nxf7 Rxf7 27. Bxf7+ Kxf7 28. Rhd1 Rd6 29. Ne4 Rc6 30. Rxc6 Nxc6
31. Rc1 Ne7 32. Kf3 b5 33. Ra1 Nd5 34. Rxa6 Be1 35. Nd6+ Ke7 36. Nxb5 Nb4 37. Bc5+ Kf7 38. Bxb4 Bxb4 39. d4 Nf6 40. Nd6+ Kg7
41. Ne4 Nd5 42. Ra7+ Kh6 43. Ng5 Nf6 44. Rf7
1-0

[Event "Each position has its own answer"]
[Site "SchemingMind.com"]
[Date "2012.12.14"]
[Round "-"]
[White "Clive Everill"]
[Black "tiggeronvrb"]
[Result "0-1"]
[WhiteCountry "CZE"]
[BlackCountry "SCO"]
[WhiteElo "1710"]
[WhiteRD "48"]
[BlackElo "1854"]
[BlackRD "68"]
[GameID "323186"]

1. Nf3 d5 2. g3 c5 3. Bg2 Nc6 4. d4 Bg4 5. Ne5 Nxe5 6. dxe5 e6 7. c4 dxc4 8. Qxd8+ Rxd8 9. Bxb7 Bh3 10. Bc6+ Ke7
11. Be3 f5 12. Bxc5+ Kf7 13. Bxa7 Bb4+ 14. Nc3 Ne7 15. Bb5 Nd5 16. a3 Nxc3 17. axb4 Nxb5 18. Bc5 Rd5 19. f4 Rhd8 20. Kf2 Rd2
21. Ra2 Bg4 22. Re1 c3 23. Be3 Rc2 24. h4 cxb2 25. Ra5 Nc3 26. Ra7+ Kg8 27. Bb6 Rdd2 28. Ra8+ Kf7 29. Ra7+ Kg6 30. Re7 Rxe2+
31. Rxe2 Rxe2+ 32. Kg1 b1=Q#
0-1

[Event "Each position has its own answer"]
[Site "SchemingMind.com"]
[Date "2012.12.17"]
[Round "-"]
[White "chesshub"]
[Black "simpet"]
[Result "1-0"]
[WhiteCountry "FRA"]
[BlackCountry "ENG"]
[WhiteElo "2488"]
[WhiteRD "75"]
[BlackElo "1613"]
[BlackRD "54"]
[GameID "323369"]

1. d4 d5 2. c4 c6 3. Nf3 Nf6 4. Nc3 Bf5 5. cxd5 Nxd5 6. Qb3 e6 7. e4 Nxc3 8. exf5 Nd5 9. Qxb7 Bb4+ 10. Kd1 Nd7
11. fxe6 fxe6 12. Qxc6 O-O 13. Qxe6+ Kh8 14. Qxd5 Qe7 15. Bd3 Nf6 16. Qf5 g6 17. Qe5 Qxe5 18. Nxe5 Rac8 19. Bh6 Rfe8 20. Bb5 Re7
21. Nc6 Re4 22. Nxb4 Rxd4+ 23. Nd3 Ne4 24. Be3 Rd5 25. Ba6 Rf8 26. Ke2
1-0

[Event "Each position has its own answer"]
[Site "SchemingMind.com"]
[Date "2012.12.22"]
[Round "-"]
[White "smothered mate"]
[Black "SAMAEL"]
[Result "1-0"]
[WhiteCountry "POL"]
[BlackCountry "CAN"]
[WhiteElo "1982"]
[WhiteRD "55"]
[BlackElo "1719"]
[BlackRD "55"]
[GameID "323371"]

1. e4 e5 2. Nf3 d6 3. d4 exd4 4. Nxd4 h6 5. Bc4 Nf6 6. Nc3 Bd7 7. O-O Be7 8. f4 Nc6 9. Nf3 a6 10. e5 dxe5
11. fxe5 Nh7 12. Bxf7+ Kf8 13. Bg6 Kg8 14. Qd5+
1-0

[Event "Each position has its own answer"]
[Site "SchemingMind.com"]
[Date "2012.12.17"]
[Round "-"]
[White "simpet"]
[Black "chesshub"]
[Result "0-1"]
[WhiteCountry "ENG"]
[BlackCountry "FRA"]
[WhiteElo "1613"]
[WhiteRD "54"]
[BlackElo "2488"]
[BlackRD "75"]
[GameID "323375"]

1. e4 c5 2. Nf3 e6 3. Bc4 Nc6 4. Nc3 a6 5. O-O b5 6. Be2 Bb7 7. d3 Qc7 8. a3 Nf6 9. g3 Bd6 10. Ng5 Nd4
11. Be3 O-O 12. Bh5 Nxh5 13. Qxh5 h6 14. Nh3 Be5 15. f4 Bf6 16. Bxd4 cxd4 17. Ne2 Qxc2 18. Rac1 Qxd3 19. Qf3 Qxf3 20. Rxf3 Bxe4
21. Rb3 d3 22. Nc3 d2 23. Rd1 Bc2 24. Rxd2 Bxb3 25. Rxd7 Rad8 26. Ra7 Bd4+ 27. Kf1 Bxa7
0-1

[Event "Each position has its own answer"]
[Site "SchemingMind.com"]
[Date "2012.12.22"]
[Round "-"]
[White "SAMAEL"]
[Black "smothered mate"]
[Result "0-1"]
[WhiteCountry "CAN"]
[BlackCountry "POL"]
[WhiteElo "1713"]
[WhiteRD "45"]
[BlackElo "1984"]
[BlackRD "58"]
[GameID "323377"]

1. Nf3 d5 2. e3 Nf6 3. h3 e6 4. Be2 Bd6 5. O-O c5 6. d4 Nbd7 7. c4 dxc4 8. Bxc4 O-O 9. Nc3 a6 10. a3 b5
11. Be2 Bb7 12. Re1 Rc8 13. Bd2 Bb8 14. dxc5 Nxc5 15. b4 Bxf3 16. Bxf3 Nd3 17. Rf1 Qd6 18. g3 Rfd8 19. Nb1 Nb2 20. Qe2 Rc2
21. Rc1 Rdc8 22. Rxc2 Rxc2 23. Ra2 h5 24. Qe1 Nd3 25. Rxc2 Nxe1 26. Bxe1 h4 27. Rc6 Qe5 28. Bc3 Qf5 29. Nd2 hxg3 30. Rc8+ Kh7
31. Rxb8 Qxh3 32. Bg2 Qh2+ 33. Kf1 gxf2 34. Rd8 Qg1+ 35. Ke2 Qxg2 36. Bxf6 f1=Q#
0-1

[Event "Each position has its own answer"]
[Site "SchemingMind.com"]
[Date "2012.12.18"]
[Round "-"]
[White "Majoanis"]
[Black "clare1347"]
[Result "1-0"]
[WhiteCountry "CAN"]
[BlackCountry "ENG"]
[WhiteElo "1912"]
[WhiteRD "60"]
[BlackElo "2034"]
[BlackRD "106"]
[GameID "323434"]

1. d4 d5 2. Bg5 h6 3. Bh4 Bf5 4. c4 c6 5. Nc3 Nf6 6. Bxf6 gxf6 7. cxd5 cxd5 8. Qb3 e6 9. Qxb7 Nd7 10. e4 Bxe4
11. f3 Bf5 12. g4 Bg6 13. Bb5 Bb4 14. Bxd7+ Kf8 15. Qxb4+
1-0

[Event "Each position has its own answer"]
[Site "SchemingMind.com"]
[Date "2012.12.18"]
[Round "-"]
[White "clare1347"]
[Black "Majoanis"]
[Result "1-0"]
[WhiteCountry "ENG"]
[BlackCountry "CAN"]
[WhiteElo "2034"]
[WhiteRD "106"]
[BlackElo "1912"]
[BlackRD "60"]
[GameID "323439"]

1. e4 c6 2. d4 d5 3. Nc3 dxe4 4. Nxe4 Nd7 5. Bc4 Ngf6 6. Ng5 e6 7. Qe2 Nb6 8. Bd3 h6 9. N5f3 c5 10. Be3 Qc7
11. Ne5 a6 12. Ngf3 Nbd5 13. O-O Bd6 14. Nc4 Bf4 15. Bxf4 Nxf4 16. Qe5 Qxe5 17. dxe5 N6d5 18. Nd6+ Ke7 19. Be4 f5 20. Bxd5 Nxd5
21. Nh4 Kd7 22. Rad1 Kc7 23. Nhxf5
1-0

[Event "Each position has its own answer"]
[Site "SchemingMind.com"]
[Date "2013.03.29"]
[Round "-"]
[White "clare1347"]
[Black "chesshub"]
[Result "0-1"]
[WhiteCountry "ENG"]
[BlackCountry "FRA"]
[WhiteElo "2078"]
[WhiteRD "104"]
[BlackElo "2501"]
[BlackRD "70"]
[GameID "329350"]

1. e4 c5 2. Nf3 e6 3. d4 cxd4 4. Nxd4 a6 5. Bd3 Nf6 6. O-O Qc7 7. f4 Bc5 8. Be3 Nc6 9. c3 d6 10. Nd2 e5
11. Nc2 exf4 12. Rxf4 Ne5 13. Nb3 O-O 14. Rxf6 gxf6 15. Nbd4 Re8 16. Qd2 Nxd3 17. Qxd3 Qe7 18. Bh6 Qe5 19. Rf1 Bd7 20. Rf4 Kh8
21. Qg3 Rg8 22. Qf2 Rg6 23. Rh4 Bc6 24. Ne1 Bxe4 25. Bf4 Qd5 26. Bg3 Rc8
0-1

[Event "Each position has its own answer"]
[Site "SchemingMind.com"]
[Date "2013.03.28"]
[Round "-"]
[White "chesshub"]
[Black "clare1347"]
[Result "1-0"]
[WhiteCountry "FRA"]
[BlackCountry "ENG"]
[WhiteElo "2501"]
[WhiteRD "70"]
[BlackElo "2078"]
[BlackRD "104"]
[GameID "329354"]

1. d4 Nf6 2. c4 e6 3. Nf3 d5 4. Nc3 Be7 5. Bf4 O-O 6. e3 b6 7. Rc1 Bb7 8. cxd5 exd5 9. Bd3 Nbd7 10. O-O c5
11. Qc2 a6 12. dxc5 bxc5 13. Rfd1 Qa5 14. Ne5 Nb6 15. h3 h6 16. Ne2 Rae8 17. Bf5 Nh5 18. Bh7+ Kh8 19. Bg6 Nxf4 20. Nxf4 fxg6
21. b4 Qa4 22. Nexg6+ Kg8 23. Nxf8 Qxc2 24. Rxc2 Kxf8 25. bxc5 Rc8 26. Rb1
1-0

[Event "Each position has its own answer"]
[Site "SchemingMind.com"]
[Date "2013.04.05"]
[Round "-"]
[White "smothered mate"]
[Black "NimbleKnight"]
[Result "1/2-1/2"]
[WhiteCountry "POL"]
[BlackCountry "USA"]
[WhiteElo "1945"]
[WhiteRD "75"]
[BlackElo "1858"]
[BlackRD "71"]
[GameID "329762"]

1. e4 e6 2. c4 c5 3. Nf3 Nc6 4. d4 cxd4 5. Nxd4 Bc5 6. Be3 Qb6 7. Nxc6 Bxe3 8. fxe3 Qxe3+ 9. Be2 bxc6 10. Nc3 Ne7
11. Qc2 d5 12. exd5 cxd5 13. cxd5 exd5 14. Nxd5 Nxd5 15. Qc6+ Ke7 16. Qxd5 Be6 17. Qf3 Qb6 18. Qa3+ Qd6 19. Qxd6+ Kxd6 20. O-O-O+ Kc7
21. a3 Rad8 22. b4 f5 23. Kb2 Rhe8 24. Bb5 Rxd1 25. Rxd1 Rd8 26. Rxd8 Kxd8 27. Kc3 Kc7 28. Kd4 Kd6 29. g3 Bd5 30. Bd3 Be6
31. a4 h6 32. a5 g6= 33. b5 Bd5 34. Bc4 Bg2 35. Bd3 Bf3 36. Bc4 g5 37. Bd3 f4 38. gxf4 gxf4 39. h4 Bb7 40. Bg6 f3
41. Bd3 Bd5 42. a6 Ba8 43. Ke3 Ke5 44. Bf1 Bd5 45. Bh3 Bc4 46. Bd7 Kd6 47. Be8 f2 48. Kxf2 Kc5 49. Kg3 Bxb5 50. Bxb5= Kxb5
51. Kg4 Kxa6 52. Kh5 Kb5 53. Kxh6 a5 54. Kg7 a4 55. h5 a3 56. h6 a2 57. h7 a1=Q+ 58. Kg8 Qa8+ 59. Kg7 Qb7+ 60. Kg8 Qc8+
61. Kg7 Qd7+ 62. Kg8 Qg4+ 63. Kh8 Qh5 64. Kg8 Qe8+=
1/2-1/2

[Event "Each position has its own answer"]
[Site "SchemingMind.com"]
[Date "2013.04.08"]
[Round "-"]
[White "NimbleKnight"]
[Black "smothered mate"]
[Result "1-0"]
[WhiteCountry "USA"]
[BlackCountry "POL"]
[WhiteElo "1892"]
[WhiteRD "70"]
[BlackElo "1932"]
[BlackRD "64"]
[GameID "329766"]

1. d4 d5 2. c4 e6 3. Nc3 c5 4. cxd5 exd5 5. Nf3 Nc6 6. dxc5 d4 7. Na4 b5 8. cxb6 axb6 9. e3 Bb4+ 10. Bd2 d3
11. Bxb4 Nxb4 12. Nd4 Ba6 13. Nc3 Qd7 14. a3 Nc6 15. Bxd3 Nxd4 16. Bxa6 Rxa6 17. Qxd4 Nf6 18. Qxd7+ Kxd7 19. Ke2 Ke6 20. f3 Ra5
21. Rad1 h5 22. e4 h4 23. Ke3 Rhh5 24. Rd2 Nd7 25. f4 Nf6 26. e5 Ng4+ 27. Ke4 f5+ 28. exf6 Nxf6+ 29. Kf3 Rhc5 30. Rhd1 Rc6
31. Re1+ Kf5 32. Rde2 Ng4 33. g3 hxg3 34. hxg3 Rh6 35. Ne4 Rd5 36. Nf2 Rd3+ 37. Nxd3
1-0

[Event "Each position has its own answer"]
[Site "SchemingMind.com"]
[Date "2013.05.12"]
[Round "-"]
[White "emvarela"]
[Black "Ezedoke"]
[Result "0-1"]
[WhiteCountry "ARG"]
[BlackCountry "ARG"]
[WhiteElo "1761"]
[WhiteRD "48"]
[BlackElo "2409"]
[BlackRD "82"]
[GameID "331585"]

1. e4 c5 2. Nf3 Nc6 3. d4 cxd4 4. Nxd4 Nf6 5. Nc3 e5 6. Ndb5 d6 7. Bg5 a6 8. Bxf6 gxf6 9. Na3 f5 10. Nc4 fxe4
11. Qh5 Rg8 12. Qxh7 Rg7 13. Qxe4 Be6 14. O-O-O Rg4 15. Nxd6+ Bxd6 16. Qh7 Rd4 17. Qh8+ Bf8 18. Bd3 Rh4 19. Qg8 Qa5 20. Qg5 Bh6
0-1

[Event "Each position has its own answer"]
[Site "SchemingMind.com"]
[Date "2013.05.12"]
[Round "-"]
[White "Ezedoke"]
[Black "emvarela"]
[Result "1-0"]
[WhiteCountry "ARG"]
[BlackCountry "ARG"]
[WhiteElo "2406"]
[WhiteRD "76"]
[BlackElo "1765"]
[BlackRD "48"]
[GameID "331587"]

1. e4 e5 2. Nf3 Nc6 3. Bb5 f5 4. Nc3 fxe4 5. Nxe4 Nf6 6. Nxf6+ Qxf6 7. Qe2 Be7 8. Bxc6 Qxc6 9. Qxe5 Qxc2 10. Qxg7 Qe4+
11. Kd1 Rf8 12. Re1 Qa4+ 13. b3 Qb4 14. d3
1-0

[Event "Each position has its own answer"]
[Site "SchemingMind.com"]
[Date "2013.06.07"]
[Round "-"]
[White "mtnewk"]
[Black "tiggeronvrb"]
[Result "0-1"]
[WhiteCountry "USA"]
[BlackCountry "SCO"]
[WhiteElo "1624"]
[WhiteRD "78"]
[BlackElo "1903"]
[BlackRD "77"]
[GameID "332752"]

1. d4 d5 2. e3 Nf6 3. Bd3 c5 4. c3 Bg4 5. f3 Bh5 6. g4 Bg6 7. Bxg6 hxg6 8. Nd2 e6 9. Qe2 Qc7 10. f4 Nc6
11. b3 Bd6 12. Bb2 a6 13. O-O-O cxd4 14. exd4 Nxd4
0-1

[Event "Each position has its own answer"]
[Site "SchemingMind.com"]
[Date "2013.06.07"]
[Round "-"]
[White "tiggeronvrb"]
[Black "mtnewk"]
[Result "1-0"]
[WhiteCountry "SCO"]
[BlackCountry "USA"]
[WhiteElo "1903"]
[WhiteRD "77"]
[BlackElo "1624"]
[BlackRD "78"]
[GameID "332757"]

1. e4 c5 2. d4 cxd4 3. c3 dxc3 4. Nxc3 Nc6 5. Bc4 Nf6 6. Nf3 Qc7 7. Qe2 d6 8. O-O Bg4 9. Bf4 Bxf3 10. Qxf3 Nd4
11. Qd3 Nc6 12. Rac1 Qd7 13. Bb5 a6 14. Ba4 b5 15. Nxb5 axb5 16. Bxb5 Rc8 17. Rc2
1-0

[Event "Each position has its own answer"]
[Site "SchemingMind.com"]
[Date "2013.07.27"]
[Round "-"]
[White "tiggeronvrb"]
[Black "Ezedoke"]
[Result "0-1"]
[WhiteCountry "SCO"]
[BlackCountry "ARG"]
[WhiteElo "1870"]
[WhiteRD "71"]
[BlackElo "2463"]
[BlackRD "84"]
[GameID "335518"]

1. e4 c5 2. d4 cxd4 3. c3 dxc3 4. Nxc3 Nc6 5. Nf3 e6 6. Bc4 a6 7. Qe2 b5 8. Bb3 Na5 9. Bc2 Bb7 10. O-O Ne7
11. Rd1 Ng6 12. b3 f6 13. Bb2 Bc5 14. Rd2 O-O 15. Rad1 Rf7 16. Nd4 Qc7 17. Qg4 Bd6 18. h4 Bh2+ 19. Kf1 Ne5 20. Qh3 Bf4
21. Re2 h5 22. Bb1 Qb6 23. Kg1 Nac6 24. Nxc6 dxc6 25. Qxe6 Bc8 26. Qe8+ Rf8 27. Qe7 a5 28. Kf1 Bg4 29. f3 Nxf3 30. gxf3 Bh3+
0-1

[Event "Each position has its own answer"]
[Site "SchemingMind.com"]
[Date "2013.10.10"]
[Round "-"]
[White "NimbleKnight"]
[Black "chesshub"]
[Result "0-1"]
[WhiteCountry "USA"]
[BlackCountry "FRA"]
[WhiteElo "1839"]
[WhiteRD "72"]
[BlackElo "2449"]
[BlackRD "74"]
[GameID "339645"]

1. e4 e5 2. Nf3 Nc6 3. Bb5 a6 4. Ba4 Nf6 5. O-O Be7 6. Re1 b5 7. Bb3 d6 8. c3 O-O 9. h3 Bb7 10. d4 Re8
11. Nbd2 exd4 12. cxd4 Na5 13. Bc2 c5 14. d5 Nd7 15. Rb1 Bf6 16. b3 Ne5 17. Nxe5 Bxe5 18. Bb2 Bxb2 19. Rxb2 Bc8 20. f4 Qf6
21. Rb1 Qxf4 22. Rf1 Qg5 23. Nf3 Qe3+ 24. Kh1 f6 25. Rc1 Bd7 26. Bb1 Nb7 27. Re1 Qh6 28. Qe2 Nd8 29. Qf2 Nf7 30. Qg3 a5
31. Bd3 Ne5 32. Nxe5 Rxe5 33. Qf3 a4 34. Rc2 axb3 35. axb3 Ra3 36. Rb2 c4 37. Bb1 b4 38. Qd1 Rg5 39. Qf3 c3 40. Rf2 Rxb3
41. Kh2 Qh4 42. Qf4 Rxg2+ 43. Kxg2 Qxh3+ 44. Kg1 c2 45. Bxc2 Rg3+ 46. Qxg3 Qxg3+ 47. Kf1 Bb5+ 48. Ree2 b3 49. Bb1 Qe3 50. Rg2 Qc1+
51. Kf2 Bxe2 52. Kxe2 Qxb1 53. Ke3 b2 54. Rd2 Qg1+ 55. Kd3 b1=Q+
0-1

[Event "Each position has its own answer"]
[Site "SchemingMind.com"]
[Date "2013.10.09"]
[Round "-"]
[White "chesshub"]
[Black "NimbleKnight"]
[Result "1-0"]
[WhiteCountry "FRA"]
[BlackCountry "USA"]
[WhiteElo "2474"]
[WhiteRD "72"]
[BlackElo "1855"]
[BlackRD "73"]
[GameID "339646"]

1. d4 Nf6 2. c4 e6 3. Nf3 Bb4+ 4. Nbd2 d5 5. Qa4+ Nc6 6. a3 Bd6 7. g3 O-O 8. Bg2 Bd7 9. Qc2 Rb8 10. b4 a6
11. O-O h6 12. Bb2 Re8 13. Ne5 Bf8 14. Rad1 Ne7 15. e4 c6 16. f3 Qc8 17. Nb3 Rd8 18. Bc1 Be8 19. c5 g6 20. Nd3 Bg7
21. Bf4 Ra8 22. Qd2 Kh7 23. Bd6 Qd7 24. Ne5 Qxd6 25. cxd6 Rxd6 26. Nc5 Rb8 27. Nxf7 Bxf7 28. e5 Rdd8 29. exf6 Bxf6 30. Bh3 Nf5
31. Bxf5 exf5 32. Qf4 Kg7 33. Qc7 Rdc8 34. Qd6 Rd8 35. Nd7 Rxd7 36. Qxd7 Bd8 37. f4 Kg8 38. Rfe1 Bb6 39. Re7 Rf8 40. Qd6 Rd8
41. Qf6 Rf8 42. Rd7 Bd8 43. Rxd8 Rxd8 44. Qxd8+
1-0

[Event "Each position has its own answer"]
[Site "SchemingMind.com"]
[Date "2014.02.19"]
[Round "-"]
[White "Ezedoke"]
[Black "chesshub"]
[Result "1-0"]
[WhiteCountry "ARG"]
[BlackCountry "FRA"]
[WhiteElo "2598"]
[WhiteRD "88"]
[BlackElo "2449"]
[BlackRD "72"]
[GameID "348188"]

1. e4 e5 2. Nf3 Nc6 3. Bb5 a6 4. Ba4 Nf6 5. O-O Be7 6. Re1 b5 7. Bb3 d6 8. c3 O-O 9. h3 Na5 10. Bc2 c5
11. d4 Qc7 12. d5 Bd7 13. b3 Nb7 14. c4 Rfe8 15. Nc3 Na5 16. Bd3 Reb8 17. Qc2 bxc4 18. bxc4 Rb7 19. Bd2 Bd8 20. Ne2 Nh5
21. Bc3 Rab8 22. Qd2 Ba4 23. Nh2 Bd7 24. Rac1 Nf6 25. f4 Nxc4 26. Bxc4 Nxe4 27. Qe3 Nxc3 28. Nxc3 Rb4 29. Ne4 f5 30. Nxd6 Qxd6
31. fxe5 Qg6 32. e6 Bg5 33. Qxc5 Rb2 34. g4 Be8 35. d6 h5 36. e7+ Kh8 37. Qd5 Bxc1 38. Qg8#
1-0